000
00261nam a2200109Ia 4500
008
190216s9999||||xx |||||||||||||| ||und||
100
_a
Rafioue M
245
0
_a
Competition Success Physics
260
_b
Sudha Pubs Pvt Ltd
_c
1995
300
_a
294p
942
_c
REF
999
_c
36194
_d
36194